书目信息 |
| 题名: |
建筑力学与结构
|
|
| 作者: | 李永光 主编 | |
| 分册: | ||
| 出版信息: | 北京 机械工业出版社 2007.09 |
|
| 页数: | 412页 | |
| 开本: | 24cm | |
| 丛书名: | ||
| 单 册: | ||
| 中图分类: | TU3 | |
| 科图分类: | ||
| 主题词: | 建筑力学--jian zhu li xue--专业学校--教材 , 建筑结构--jian zhu jie gou--专业学校--教材 | |
| 电子资源: | ||
| ISBN: | 978-7-111-12604-1 | |
| 000 | 00908nam0 2200253 450 | |
| 001 | 012008398286 | |
| 005 | 20120407180144.35 | |
| 010 | @a978-7-111-12604-1@dCNY32.00 | |
| 100 | @a20080113d2007 em y0chiy0120 ea | |
| 101 | 0 | @achi |
| 102 | @aCN@b110000 | |
| 105 | @aak a 000yy | |
| 200 | 1 | @a建筑力学与结构@Ajian zhu li xue yu jie gou@f李永光主编@Fli yong guang zhu bian |
| 210 | @a北京@c机械工业出版社@d2007.09 | |
| 215 | @a412页@c图@d24cm | |
| 300 | @a21世纪建筑装饰系列规划教材 | |
| 320 | @a有书目。 | |
| 330 | @a本书主要内容为:建筑力学概述,静力学基本概念,物体的受力分析、结构计算简图,平面一般力系的简化及平衡方程,平面杆件体系的几何组成分析等。 | |
| 606 | 0 | @a建筑力学@Ajian zhu li xue@x专业学校@j教材 |
| 606 | 0 | @a建筑结构@Ajian zhu jie gou@x专业学校@j教材 |
| 690 | @aTU3@v4 | |
| 701 | 0 | @a李永光@Ali yong guang@4主编 |
| 801 | 0 | @aCN@bQSSK@c20080114 |
| 905 | @b277529-31@dTU3@eL321@f3 | |
| 建筑力学与结构/李永光主编.-北京:机械工业出版社,2007.09 |
| 412页:图;24cm |
| 21世纪建筑装饰系列规划教材 |
| ISBN 978-7-111-12604-1:CNY32.00 |
| 本书主要内容为:建筑力学概述,静力学基本概念,物体的受力分析、结构计算简图,平面一般力系的简化及平衡方程,平面杆件体系的几何组成分析等。 |
| ● |
| 相关链接 |
|
|
|
正题名:建筑力学与结构
索取号:TU3/L321
 
预约/预借
| 序号 | 登录号 | 条形码 | 馆藏地/架位号 | 状态 | 备注 |
| 1 | 277529 | 202775292 | 建筑库101/101建筑库 74排1列3层/ [索取号:TU3/L321] | 在馆 | |
| 2 | 277530 | 202775309 | 建筑库101/101建筑库 74排1列3层/ [索取号:TU3/L321] | 在馆 | |
| 3 | 277531 | 202775318 | 土木与交通工程学院资料室/土木与交通学院资料室 1排1列1层/ [索取号:TU3/L321] | 在馆 | |
| 4 | 484849 | 204848497 | 土木与交通工程学院资料室/ [索取号:TU3/L321] | 在馆 |